Statistics for Naruto Character Quiz

Click here to take the quiz!

General Stats

  • This quiz has been taken 651 times
  • The average score is 14 of 15

Answer Stats

Answer% Correct
Kakashi Hatake
100%
Gaara
99%
Neji Hyuga
99%
Rock Lee
99%
Sakura Haruno
99%
Sasuke Uchiha
99%
Hinata Hyuga
98%
Ino Yamanaka
98%
Might Guy
98%
Hiruzen Sarutobi
97%
Kiba
97%
Lady Tsunade
97%
Jiraiya
93%
Kankurō
89%
Kimimaro
78%

Score Distribution

Percentile by Number Answered

Percent of People with Each Score

Your Score History

You have not taken this quiz